| 000 | 00475nam a2200181Ia 4500 | ||
|---|---|---|---|
| 001 | 10856 | ||
| 005 | 20260306161903.0 | ||
| 008 | 260306t1989||||xx |||||||||||||| ||spa|| | ||
| 041 | _aESP | ||
| 082 |
_a980 _bA68 |
||
| 100 |
_aArciniegas, Germán _eAUT |
||
| 245 | 0 |
_aEl continente de siete colores: _bhistoria de la cultura en América Latina |
|
| 260 | _c1989 | ||
| 300 |
_axxiv, 583 páginas : _c22 cm. |
||
| 650 | _aGEN | ||
| 654 | _aCHU | ||
| 942 |
_cLIB _dJUS _fJUS _2ddc _n |
||
| 999 |
_c10856 _d10856 |
||